000 00275nam a22001217a 4500
008 180109b xxu||||| |||| 00| 0 eng d
041 _aeng
080 _a710
100 _a44
101 _aART
245 _aThe Art and Industry of Sanscastyles
_cAdkinsm J
942 _2udc
_cBK
999 _c39862
_d39862